000
00267nam a22001217a 4500
999
_c
533604
_d
533604
040
_c
dlc
082
_a
915.043
100
_a
Geroge Forster
_9
27558
245
_a
A Journey from Bengal to England - Vol - 2
250
_a
Vol - 2
300
_a
315p
942
_2
ddc
_c
BK